MARC details
| 000 -LÍDER |
| campo de controle de tamanho fixo |
01458naa a22003377a 4500 |
| 001 - NÚMERO DE CONTROLE |
| campo de controle |
BR8003264 |
| 003 - IDENTIFICADOR DO NÚMERO DE CONTROLE |
| campo de controle |
BR-BrBNA |
| 005 - DATA E HORÁRIO DA ÚLTIMA TRANSAÇÃO |
| campo de controle |
20240918174616.0 |
| 007 - CAMPO FIXO DE DESCRIÇÃO FÍSICA--INFORMAÇÃO GERAL |
| campo de controle de tamanho fixo |
ta |
| 008 - CAMPO DE DADOS FIXOS--INFORMAÇÃO GERAL |
| campo de controle de tamanho fixo |
230509b bl.||||| |||| 00| 0 por d |
| 040 ## - FONTE DA CATALOGAÇÃO |
| Instituição da catalogação original |
BR-BrBNA |
| Idioma da catalogação |
por |
| Instituição que transcreveu o registro |
Biblioteca Nacional de Agricultura |
| 041 ## - CÓDIGO DE IDIOMA |
| Código do idioma do texto/trilha sonora ou título diferente |
(Pt) |
| 072 ## - CÓDIGO DE CATEGORIA DE ASSUNTO |
| Código de Categoria de Assunto |
F21; F25 |
| Código do objeto |
3830 |
| -- |
3930 |
| -- |
G514 |
| 090 ## - NÚMERO DE CHAMADA LOCAL |
| Número de chamada |
F21 BR8003264 |
| 100 1# - ENTRADA PRINCIPAL--NOME PESSOAL |
| Nome pessoal |
Carvalho, P. de C.T. de |
| 111 1# - ENTRADA PRINCIPAL--NOME DO EVENTO |
| Nome do evento ou lugar |
2. Seminario Nacional de Fermentacao; 3. Seminario Nacional de Fermentacao |
| Local do evento |
Piracicaba, SP (Brazil); Rio de Janeiro, RJ (Brazil) |
| Data do evento ou assinatura do tratado |
Nov 1977; Nov 1979 |
| 245 1# - TÍTULO |
| Título |
Mobilizacao de fosfatos no solo [Biologia do solo; Bioquimica do solo; Solubilidade; Microbiologia do solo; Brasil] |
| 260 3# - PUBLICAÇÃO, DISTRIBUIÇÃO, ETC. |
| Local de publicação, distribuição, etc. |
Sao Paulo, SP (Brasil): |
| Data da publicação, distribuição, etc. |
1980. |
| 500 ## - NOTA GERAL |
| Nota geral |
Furtado, J.S.; Vasconcellos, L.<br/>Fermentacoes industriais e transformacoes microbianas no solo<br/>Sao Paulo, SP (Brasil): 1980. p. 53-56<br/>(BR8003264-AM)F21<br/> |
| 650 ## - ASSUNTO--TERMO TÓPICO |
| Cabeçalho tópico ou nome geográfico |
Biologia do solo |
| 650 ## - ASSUNTO--TERMO TÓPICO |
| Cabeçalho tópico ou nome geográfico |
Fertilidade do solo |
| 650 ## - ASSUNTO--TERMO TÓPICO |
| Cabeçalho tópico ou nome geográfico |
Fosfato |
| 650 ## - ASSUNTO--TERMO TÓPICO |
| Cabeçalho tópico ou nome geográfico |
Microrganismo |
| 650 ## - ASSUNTO--TERMO TÓPICO |
| Cabeçalho tópico ou nome geográfico |
Bioquimica do solo |
| 650 ## - ASSUNTO--TERMO TÓPICO |
| Cabeçalho tópico ou nome geográfico |
Fixacao de fosfato |
| 650 ## - ASSUNTO--TERMO TÓPICO |
| Cabeçalho tópico ou nome geográfico |
Microbiologia do solo |
| 650 ## - ASSUNTO--TERMO TÓPICO |
| Cabeçalho tópico ou nome geográfico |
Solubilidade |
| 773 0# - ENTRADA ANALÍTICA |
| Título |
Fermentacoes industriais e transformacoes microbianas no solo |
| Entrada principal |
Furtado, J.S.; Vasconcellos, L.. Sociedade Brasileira de Microbiologia, Sao Paulo, SP |
| Número de controle do registro |
F21 BR8003264 |
| Partes relacionadas |
Sao Paulo, SP (Brasil), 1980. p. 53-56 |
| 909 ## - |
| -- |
202404 |
| -- |
Lucia |
| -- |
55 |
| -- |
Lucia Elande |
| 942 ## - ELEMENTOS DE ENTRADA ADICIONADOS (KOHA) |
| Tipo de material Koha |
Capítulo-Livro |
| Fonte da classificação ou esquema de arquivamento na estante |
Classificação AGRIS |